000 00213 a2200097 4500
001 23501
100 _aDummers, G W A
245 _aWires and R F cables
260 _a
_bAndre deutsch
_c1966
090 _c15891
_d15891
942 _aNUST-CAE
_cM
_c6548
999 _c258574
_d258574